ၽိုၼ်လိၵ်ႈၶူၼ်ႉၶႂႃႉပၢင်ၵုမ်ၶွၼ်ႇၾရႅၼ်ႉလိၵ်ႈလူင်ပွၵ်ႈၵမ်း (3)၊ တိူၵ်ႈသွၼ်လိၵ်ႈဝတ်ႉၵၢင်မိူင်း၊ ဝဵင်းလႃႈသဵဝ်ႈ။ (Record no. 23777)

000 -LEADER
fixed length control field 01149nam a22002177a 4500
003 - CONTROL NUMBER IDENTIFIER
control field OSt
005 - DATE AND TIME OF LATEST TRANSACTION
control field 20260128093659.0
008 - FIXED-LENGTH DATA ELEMENTS--GENERAL INFORMATION
fixed length control field 230406b ||||| |||| 00| 0 eng d
040 ## - CATALOGING SOURCE
Transcribing agency Ost
041 ## - LANGUAGE CODE
Language code of text/sound track or separate title Shan
082 ## - DEWEY DECIMAL CLASSIFICATION NUMBER
Classification number 895.9196
245 ## - TITLE STATEMENT
Title ၽိုၼ်လိၵ်ႈၶူၼ်ႉၶႂႃႉပၢင်ၵုမ်ၶွၼ်ႇၾရႅၼ်ႉလိၵ်ႈလူင်ပွၵ်ႈၵမ်း (3)၊ တိူၵ်ႈသွၼ်လိၵ်ႈဝတ်ႉၵၢင်မိူင်း၊ ဝဵင်းလႃႈသဵဝ်ႈ။
Statement of responsibility, etc. ၸုမ်းပွင်ၵၢၼ်ပၢင်ၵုမ်ၶွၼ်ႇၾရႅၼ်ႉလိၵ်ႈလူင်ပွၵ်ႈၵမ်း (3)
260 ## - PUBLICATION, DISTRIBUTION, ETC.
Place of publication, distribution, etc. တူၼ်ႈတီး
Name of publisher, distributor, etc. ဢွင်ႇပၢၼ်းၽိဝ်ႇ
Date of publication, distribution, etc. 2015
300 ## - PHYSICAL DESCRIPTION
Extent 352 ၼႃႈ
Dimensions 26 ၸိၼ်ႇထီႇ
500 ## - GENERAL NOTE
General note S-SAT: Dr. Prof Sai Aung Tun
650 ## - SUBJECT ADDED ENTRY--TOPICAL TERM
Topical term or geographic name entry element လိၵ်ႈလၢႆးတႆး-ၶွၼ်ႇၾရႅၼ်ႉ
Topical term or geographic name entry element ပုတ်ႉထၽႃႇသႃႇ-ၶွၼ်ႇၾရႅၼ်ႉ
942 ## - ADDED ENTRY ELEMENTS (KOHA)
Koha item type Books (Long term)
650 ## - SUBJECT ADDED ENTRY--TOPICAL TERM
9 (RLIN) 22816
9 (RLIN) 22817
Source of classification or shelving scheme
Source of classification or shelving scheme
Holdings
Withdrawn status Lost status Source of classification or shelving scheme Damaged status Not for loan Collection Code Permanent Location Current Location Shelving location Date acquired Total Checkouts Full call number Barcode Date last seen Date last checked out Copy number Price effective from Koha item type Accession
          Tai Collection Shan State Buddhist University Library Shan State Buddhist University Library Tai Shelves 06/04/2023 6 895.9196 ၽိုၼ် ႘႐႕(1) SH00000805 23/01/2025 21/01/2025 1 06/04/2023 Books (Long term) ႘႐႕(1)
          Tai Collection Shan State Buddhist University Library Shan State Buddhist University Library Tai Shelves 06/04/2023 4 895.9196 ၽိုၼ် ႘႐႖(2) SH00000806 30/08/2024 31/07/2024 2 06/04/2023 Books (Long term) ႘႐႖(2)
          Special Collections Shan State Buddhist University Library Shan State Buddhist University Library Special Collection Shelves 06/04/2023   895.9196 ၽိုၼ် ႒႕႐႖ S-SAT SH00002506 06/04/2023   3 06/04/2023 Book (Short term) ႒႕႐႖ S-SAT
          Tai Collection Shan State Buddhist University Library Shan State Buddhist University Library Special Collection Shelves 06/04/2023 4 895.9196 ၽိုၼ် 2078(S) SH00002078 05/10/2024 06/09/2024   06/04/2023 Books (Long term) 2078(S)

Library - 09407999929
Admin Office - 09407999979
Dean Office - 09250910768
Registrar Office - 09892297154
Email - [email protected]
Shan State Buddhist University, Phaya Phyu Taunggyi, Shan State, Myanmar.